| 000 | 00528nam a2200157Ia 4500 | ||
|---|---|---|---|
| 008 | 170221s9999 xx 000 0 und d | ||
| 100 | _aWei Peng. | ||
| 245 | _aDistributed Adaptive Channel Allocation in Multi-Radio Wireless Sensor Networks | ||
| 245 | _cWei Peng, Dongyan Chen, Wenhui Sun, and Guiqing Zhang. | ||
| 260 | _bJournal of Communications | ||
| 260 | _c2016 | ||
| 300 | _a11 : 11 | ||
| 650 | _xCommunication | ||
| 650 | _xMedia Arts | ||
| 856 | _uhttp://www.jocm.us/index.php?m=content&c=index&a=lists&catid=168 | ||
| 999 |
_c306790 _d306790 |
||